House Builders Association (NFB) welcomes Shapps' zero carbon plans (Record no. 82620)
[ view plain ]
| 000 -LEADER | |
|---|---|
| fixed length control field | 01062cad a22002175a 4500 |
| 001 - CONTROL NUMBER | |
| control field | E150727 |
| 008 - FIXED-LENGTH DATA ELEMENTS--GENERAL INFORMATION | |
| fixed length control field | 100824e20100728xxk 000 0 eng d |
| 035 ## - SYSTEM CONTROL NUMBER | |
| System control number | (Sirsi) u150727 |
| 041 0# - LANGUAGE CODE | |
| Language code of text/sound track or separate title | eng |
| 110 2# - MAIN ENTRY--CORPORATE NAME | |
| Corporate name or jurisdiction name as entry element | National Federation of Builders |
| 9 (RLIN) | 4086 |
| 245 00 - TITLE STATEMENT | |
| Title | House Builders Association (NFB) welcomes Shapps' zero carbon plans |
| Medium | [electronic resource] |
| 260 ## - PUBLICATION, DISTRIBUTION, ETC. | |
| Date of publication, distribution, etc. | 2010 |
| 490 ## - SERIES STATEMENT | |
| Series statement | House Builders Association Press Release |
| Volume/sequential designation | 28 July 2010 |
| 520 ## - SUMMARY, ETC. | |
| Summary, etc. | Welcomes the announcement from the Housing Minister, Grant Shapps, of further plans for all new homes to be carbon neutral by 2016, which give more flexibility to councils and developers in meeting the eco-standards. |
| 590 ## - LOCAL NOTE (RLIN) | |
| Local note | KA |
| 651 #4 - SUBJECT ADDED ENTRY--GEOGRAPHIC NAME | |
| Geographic name | England |
| Chronological subdivision | 886- |
| 690 ## - LOCAL SUBJECT ADDED ENTRY--TOPICAL TERM (OCLC, RLIN) | |
| Topical term or geographic name as entry element | PROPERTY-RESIDENTIAL PROPERTY-DOMESTIC RESIDENTIAL PROPERTY-HOUSING |
| 690 ## - LOCAL SUBJECT ADDED ENTRY--TOPICAL TERM (OCLC, RLIN) | |
| Topical term or geographic name as entry element | ENVIRONMENTAL AND LAND CONSULTANCY-ENERGY-ENERGY USE-ENERGY EFFICIENCY |
| 856 48 - ELECTRONIC LOCATION AND ACCESS | |
| Uniform Resource Identifier | <a href="https://www.builders.org.uk/resources/nfb/000/290/904/HBA_welcomes_schapps.pdf">https://www.builders.org.uk/resources/nfb/000/290/904/HBA_welcomes_schapps.pdf</a> |
| Public note | View the press release free of charge at www.builders.org.uk |
| 942 ## - ADDED ENTRY ELEMENTS (KOHA) | |
| Suppress in OPAC | 0 |
| Withdrawn status | Lost status | Source of classification or shelving scheme | Damaged status | Not for loan | Home library | Current library | Shelving location | Date acquired | Total Checkouts | Full call number | Barcode | Date last seen | Copy number | Price effective from | Koha item type |
|---|---|---|---|---|---|---|---|---|---|---|---|---|---|---|---|
| Dewey Decimal Classification | Virtual | Virtual | Online | 24/08/2010 | ONLINE PUBLICATION | 150727-2001 | 06/08/2019 | 1 | 06/08/2019 | Journal article |